Loading...
| Current Events | 2 | 10.00 | 100% | 0% | 0% |
| Fine Arts - Auditory Fine Arts | 6 | 10.00 | 83% | 0% | 17% |
| Fine Arts - Visual Fine Arts | 5 | 14.00 | 80% | 60% | 0% |
| Geography | 2 | 10.00 | 100% | 0% | 0% |
| History - American History | 4 | 10.00 | 100% | 0% | 0% |
| History - Ancient History | 2 | 10.00 | 100% | 0% | 0% |
| History - European History | 1 | 10.00 | 100% | 0% | 0% |
| History - World History | 3 | 6.67 | 67% | 0% | 0% |
| Literature - American Literature | 4 | 15.00 | 100% | 50% | 0% |
| Literature - British Literature | 3 | 6.67 | 67% | 0% | 0% |
| Literature - European Literature | 4 | 7.50 | 75% | 0% | 0% |
| Literature - World Literature | 4 | 7.50 | 25% | 50% | 0% |
| Mythology | 2 | 25.00 | 100% | 100% | 50% |
| Other Academic | 1 | 10.00 | 0% | 0% | 100% |
| Philosophy | 1 | 10.00 | 100% | 0% | 0% |
| Religion | 2 | 10.00 | 100% | 0% | 0% |
| Science - Biology | 4 | 15.00 | 100% | 50% | 0% |
| Science - Chemistry | 2 | 15.00 | 100% | 50% | 0% |
| Science - Other Science | 1 | 10.00 | 100% | 0% | 0% |
| Science - Physics | 2 | 10.00 | 100% | 0% | 0% |
| Social Science | 4 | 15.00 | 100% | 50% | 0% |